Personnages célèbres de l'Histoire n°2 - Statistiques

Statistiques générales
  • Ce quiz a été pris 83 fois
  • Le résultat moyen est 8 sur 20
Statistiques - réponses
Indices Réponces % Correct
Je suis un plombier avec une casquette rouge Mario
92%
Créateur de l'entreprise SpaceX, j'ai également racheté Tesla et Twitter Elon Musk
83%
J'ai fait de grandes découvertes sur la gravité grâce à une pomme qui est tombé. Isaac Newton
83%
Je suis à l'origine de l'entreprise à la pomme croquée. Steve Jobs
73%
Je possède la plus grande entreprise de luxe au monde "LVMH" Bernard Arnault
70%
J'ai inventé la dynamite. Alfred Nobel
69%
Je suis connu pour avoir mangé une pomme Eve
58%
j'ai dirigé la Chine d'une main de fer. Je suis à l'origine du « mouvement Sufan » Mao Zedong
48%
Je suis un roi de Sparte qui aurait combattu avec 300 hommes à la bataille des Thermopyles Léonidas
42%
Je suis un roi belge responsable de près de 6 millions de morts pendant l'exploitation du Congo Léopold II
41%
Je fut ministre de la propagande sous le Troisième Reich Joseph Goebbels
34%
J'ai fait la BO des films Zootopie 1 et 2 Shakira
30%
Je suis considéré comme le meilleur joueur de l'histoire de la NFL Tom Brady
28%
Je suis considéré comme le meilleur joueur de l'histoire de League of Legend Faker
21%
Je fut le premier premier ministre d’Israël David Ben Gourion
17%
Je suis un explorateur écossais du XIXème siècle qui a longtemps cherché les sources du Nil David Livingstone
11%
Ex-scientifique sous le régime nazi, j'ai participé la conception des missiles V1 et V2. J'ai ensuite été recruté pas les Etats-Unis et est grandement participé au programme spatiale américain Wernher von Braun
11%
J'ai reçu l'Oscar du meilleur acteur en 2024 Cillian Murphy
4%
J'ai peint "Pierrot" Antoine Watteau
1%
Ancien toplaner de chez Rox Tigers, j'ai participé au meilleur match de l'histoire de LoL en demi-finale des Worlds face à l'équipe du personnage précédent. En 2016, je fut une des rare personnes à devancer ce joueur au classement des meilleurs joueurs au monde en étant premier Smeb
0%
Aucun quiz correspondant
Distribution des résultats
% des personnes avec chaque résultat
Percentile par nombre de réponses
Votre historique - résultats
Vous n’avez pas pris ce quiz